<?xml version="1.0" encoding="UTF-8"?><?xml-stylesheet type="text/xsl" href="static/style.xsl"?><OAI-PMH xmlns="http://www.openarchives.org/OAI/2.0/" xmlns:xsi="http://www.w3.org/2001/XMLSchema-instance" xsi:schemaLocation="http://www.openarchives.org/OAI/2.0/ http://www.openarchives.org/OAI/2.0/OAI-PMH.xsd"><responseDate>2026-04-14T02:22:38Z</responseDate><request verb="GetRecord" identifier="oai:www.recercat.cat:10230/60890" metadataPrefix="marc">https://recercat.cat/oai/request</request><GetRecord><record><header><identifier>oai:recercat.cat:10230/60890</identifier><datestamp>2025-12-25T19:57:23Z</datestamp><setSpec>com_2072_6</setSpec><setSpec>col_2072_452954</setSpec></header><metadata><record xmlns="http://www.loc.gov/MARC21/slim" xmlns:dcterms="http://purl.org/dc/terms/" xmlns:xsi="http://www.w3.org/2001/XMLSchema-instance" xmlns:doc="http://www.lyncode.com/xoai" xsi:schemaLocation="http://www.loc.gov/MARC21/slim http://www.loc.gov/standards/marcxml/schema/MARC21slim.xsd">
   <leader>00925njm 22002777a 4500</leader>
   <datafield ind2=" " ind1=" " tag="042">
      <subfield code="a">dc</subfield>
   </datafield>
   <datafield ind2=" " ind1=" " tag="720">
      <subfield code="a">Pimentel, Alice</subfield>
      <subfield code="e">author</subfield>
   </datafield>
   <datafield ind2=" " ind1=" " tag="720">
      <subfield code="a">Paul, Vivek</subfield>
      <subfield code="e">author</subfield>
   </datafield>
   <datafield ind2=" " ind1=" " tag="260">
      <subfield code="c">2024-08-07T11:46:59Z</subfield>
   </datafield>
   <datafield ind2=" " ind1=" " tag="260">
      <subfield code="c">2024-08-07T11:46:59Z</subfield>
   </datafield>
   <datafield ind2=" " ind1=" " tag="260">
      <subfield code="c">2024</subfield>
   </datafield>
   <datafield ind2=" " ind1=" " tag="520">
      <subfield code="a">Master (Msc) in International Business. Master Thesis. Curs 2023-2024</subfield>
   </datafield>
   <datafield ind2=" " ind1=" " tag="520">
      <subfield code="a">Tutor: Andrew Coles</subfield>
   </datafield>
   <datafield ind2=" " ind1=" " tag="520">
      <subfield code="a">Esta tesis propone un plan estratégico para Jammcard, una red activa de profesionales de la música con sede en California, para expandirse en el mercado colombiano, específicamente en Bogotá. Los autores se centran en el complejo entorno empresarial que Jammcard enfrentaría al expandirse a Colombia. Este plan de negocio de internacionalización evalúa cómo adaptar el modelo de negocio de la empresa a las condiciones locales para, en última instancia, crear una filial rentable en América Latina. Las áreas clave de análisis abarcan evaluaciones externas de Colombia y la industria musical, estrategias de entrada al mercado, el panorama competitivo, un análisis interno exhaustivo de Jammcard, tácticas de marketing, gestión de recursos humanos y un plan financiero detallado para lograr rentabilidad. El objetivo es posicionar a Jammcard como un líder en la industria musical colombiana, aprovechando el talento local y fomentando una cultura de innovación y colaboración.</subfield>
   </datafield>
   <datafield ind2=" " ind1=" " tag="520">
      <subfield code="a">This thesis proposes a strategic plan for Jammcard, an active music professional network based out of California, to expand into the Colombian market, specifically to Bogotá. Authors focus on the complex business environment Jammcard would face to expand to Colombia. This internationalization business plan assesses how to adapt the company’s business model to local conditions to ultimately create a profitable subsidiary in Latin America. Key areas of analysis encompass external assessments of Colombia and the music industry, market entry strategies, the competitive landscape, a comprehensive internal analysis of Jammcard, marketing tactics, human resources management, and a detailed financial plan to achieve profitability. The goal is to position Jammcard as a leading player in the Colombian music industry by leveraging local talent and fostering a culture of innovation and collaboration.</subfield>
   </datafield>
   <datafield tag="653" ind2=" " ind1=" ">
      <subfield code="a">Treball de fi de màster – Curs 2023-2024</subfield>
   </datafield>
   <datafield tag="653" ind2=" " ind1=" ">
      <subfield code="a">Jammcard</subfield>
   </datafield>
   <datafield tag="653" ind2=" " ind1=" ">
      <subfield code="a">International expansion</subfield>
   </datafield>
   <datafield tag="653" ind2=" " ind1=" ">
      <subfield code="a">Colombia</subfield>
   </datafield>
   <datafield tag="653" ind2=" " ind1=" ">
      <subfield code="a">Music industry</subfield>
   </datafield>
   <datafield tag="653" ind2=" " ind1=" ">
      <subfield code="a">Market entry strategy</subfield>
   </datafield>
   <datafield tag="653" ind2=" " ind1=" ">
      <subfield code="a">Innovation</subfield>
   </datafield>
   <datafield tag="653" ind2=" " ind1=" ">
      <subfield code="a">Collaboration</subfield>
   </datafield>
   <datafield tag="653" ind2=" " ind1=" ">
      <subfield code="a">Digital platform</subfield>
   </datafield>
   <datafield tag="653" ind2=" " ind1=" ">
      <subfield code="a">Marketplace platform</subfield>
   </datafield>
   <datafield tag="653" ind2=" " ind1=" ">
      <subfield code="a">Expansión internacional</subfield>
   </datafield>
   <datafield tag="653" ind2=" " ind1=" ">
      <subfield code="a">Industria musical</subfield>
   </datafield>
   <datafield tag="653" ind2=" " ind1=" ">
      <subfield code="a">Estrategia de entrada al mercado</subfield>
   </datafield>
   <datafield tag="653" ind2=" " ind1=" ">
      <subfield code="a">Innovación</subfield>
   </datafield>
   <datafield tag="653" ind2=" " ind1=" ">
      <subfield code="a">Colaboración</subfield>
   </datafield>
   <datafield tag="653" ind2=" " ind1=" ">
      <subfield code="a">Plataforma digital</subfield>
   </datafield>
   <datafield tag="653" ind2=" " ind1=" ">
      <subfield code="a">Plataforma de mercado</subfield>
   </datafield>
   <datafield ind2="0" ind1="0" tag="245">
      <subfield code="a">A harmonizing global expansion: Jammcard&amp;apos;s melodic journey into Colombia</subfield>
   </datafield>
</record></metadata></record></GetRecord></OAI-PMH>